banner-ar

التعليم وكفاح الرائدات المصريات : (Record no. 64996)

MARC details
000 -الفاتح
حقل البيانات ثابتة الطول 01237nam a22003017a 4500
005 - وقت وتاريخ اخر تعامل مع التسجيلة
رقم الضبط 20240530110801.0
008 - عناصر البيانات ثابتة الطول - معلومات عامة
حقل البيانات ثابتة الطول 190211s2018 ua a g b 000 0 ara d
017 ## - رقم الايداع القانونى
المصدر ( الهيئة المختصة) مصر. دار الكتب
رقم الايداع القانونى 2018/7851
020 ## - الرقم الدولى المعيارى للكتب
الرقم الدولى المعيارى للكتاب 9789770486559
040 ## - مصدر الفهرسة
وكالة الفهرسة الأصلية EG-CaGPL
وكالة النسخ EG-CaGPL
082 04 - رقم تصنيف ديوى العشرى
رقم الطبعة 21
رقم التصنيف 920.72
رقم المادة ق/ ر ت
100 0# - المدخل الرئيسى - إسم شخصى
الإسم الشخصى رحاب احمد ابراهيم احمد
245 12 - بيان العنوان
العنوان التعليم وكفاح الرائدات المصريات :
بقية العنوان قراءة لسيرتهن الذاتية /
بيان المسئوليه,etc رحاب احمد ابراهيم احمد ؛ تقديم نادية جمال الدين
250 ## - بيان الطبعة
بيان الطبعة ط.1
260 ## - PUBLICATION, DISTRIBUTION, ETC. (IMPRINT)
تاريخ النشر أو التوزيع 2018 .
300 ## - الوصف المادى
التعداد 390 ص. ؛
أبعاد الوعاء 24 سم.
504 ## - تبصرة ببليوجرافية
تبصرة ببليوجرافية,الخ يشتمل على ارجاعات ببلوجرافية
600 0# - المدخل الاضافى بالموضوع-اسم شخصى
الإسم الشخصى قاسم امين
600 0# - المدخل الاضافى بالموضوع-اسم شخصى
الإسم الشخصى هدى شعراوى
600 0# - المدخل الاضافى بالموضوع-اسم شخصى
الإسم الشخصى نبوية موسى
600 0# - المدخل الاضافى بالموضوع-اسم شخصى
الإسم الشخصى ملك حفنى
650 07 - المدخل الاضافى بالموضوع-مصطلح موضوعى
مصطلح موضوعي المرأة المصرية
مصدر الرأس أو المصطلح qrmak
650 07 - المدخل الاضافى بالموضوع-مصطلح موضوعى
مصطلح موضوعي المراة فى السياسة
651 07 - المدخل الاضافى بالموضوع - اسم جغرافى
مصدر الرأس أو المصطلح qrmak
الاسم الجغرافي مصر
التقسيم الفرعي العام الاحوال الاجتماعية
التقسيم الفرعي الزمني عصر محمد على
700 0# - المدخل الاضافى - اسم شخصى
الإسم الشخصى نادية جمال الدين
الدور مقدم
942 ## - عناصر المدخل الإضافي( كوها)
مصدر التصنيف او مخطط الترفيف Dewey Decimal Classification
Koha [default] item type كتاب
260 ## - PUBLICATION, DISTRIBUTION, ETC. (IMPRINT)
-- القاهرة :
-- دار النهضة العربية،
Holdings
حالة التراجع حالة الفقد حالة تلف ليس للاعارة المكان المؤقت الموقع الحالى موقع الترفيف تاريخ الاكتساب اجمالي اﻻعارات رقم الطلب الباركود تاريخ اخر مشاهدة تاريخ تفعيل السعر نوع وعاء كوها
        مكتبة القاهرة الكبرى مكتبة القاهرة الكبرى   02/11/2019   920.72 ق/ ر ت 165532 02/11/2019 02/11/2019 كتاب

Powered By

EGPV